000 00484nam a2200169Ia 4500
003 IN-BaIIA
008 211028s9999 xx 000 0 eng d
020 _a978-8178242194
040 _cIIA Library
080 _a894-41
_bGUH
100 _aGuha, Ramachandra
_919242
245 4 _aThe last liberal and other essays
_cRamachandra Guha
260 _aRanikhet
_bPermanent Black
_c2003
300 _aix, 282p.
650 _aEssays
942 _cBK
999 _c17402
_d17402